|
|
|
|
| LEADER |
00000cas a2200000 a 4500 |
| 001 |
vtls001427332 |
| 003 |
SK-MaSNL |
| 005 |
20260331204201.0 |
| 008 |
160322duuuuuuuuxo ar 0 0 0slo |
| 015 |
|
|
|a SNBSAB2001-00099 (r. 2002)
|a SNBSAB2002-00127 (r. 2003)
|
| 020 |
|
|
|a 8085141563 (brož. : 2002)
|
| 020 |
|
|
|a 808514171X (brož. : 2003)
|
| 035 |
|
|
|a SNK000382296
|
| 040 |
|
|
|a SNK
|b slo
|c SNK
|e AACR2
|
| 041 |
0 |
|
|a slo
|
| 043 |
|
|
|a e-xo---
|
| 044 |
|
|
|a xo
|c SK
|
| 080 |
|
|
|a (437.641)
|2 2011
|
| 080 |
|
|
|a (437.6)
|2 2011
|
| 080 |
|
|
|a (437.642.117.127)
|2 2011
|
| 080 |
|
|
|a (059)
|2 2011
|
| 100 |
1 |
|
|a Rothová, Valéria
|4 zos
|9 266755
|
| 245 |
1 |
0 |
|a Kalendár výročí osobností okresov Žiar nad Hronom, Banská štiavnica a Žarnovica na rok ...
|c [zostavila: Valéria Rothová]
|
| 260 |
|
|
|a Kremnica
|b Knižnica Jána Kollára
|
| 300 |
|
|
|a zv.
|c 21 x 15 cm
|
| 500 |
|
|
|a Údaj o zost. je prevzatý z tir.
|
| 500 |
|
|
|a Súčasťou názvu je označenie bežného roku
|
| 504 |
|
|
|a Reg. men.
|
| 650 |
0 |
7 |
|a osobnosti
|2 SNKPH
|9 29820
|
| 651 |
|
7 |
|a Žiar nad Hronom (Slovensko)
|2 SNKPH
|9 24090
|
| 651 |
|
7 |
|a Banská Štiavnica (Slovensko)
|2 SNKPH
|9 16373
|
| 651 |
|
7 |
|a Žarnovica (Slovensko)
|2 SNKPH
|9 40693
|
| 655 |
|
7 |
|a kalendáre
|2 SNKPH
|9 70450
|
| 710 |
0 |
|
|a Knižnica Jána Kollára (Kremnica, Slovensko)
|4 pbl
|9 33568
|
| 910 |
|
|
|a snk
|
| 919 |
|
|
|a 80-85141-56-3
|
| 919 |
|
|
|a 80-85141-71-X
|
| 958 |
|
|
|a RG
|
| 958 |
|
|
|a RM
|
| 958 |
|
|
|a BQ
|
| 958 |
|
|
|a BX
|
| 958 |
|
|
|a SF
|
| 999 |
|
|
|c 3296
|d 5226
|
| 952 |
|
|
|a SNK
|b SNK
|y PREZ
|7 0
|p 17A0328777
|o snkČSD 2243/2002
|i snkKSP 893/2002
|0 0
|1 0
|4 0
|d 2002-01-22
|l 0
|r 2005-01-02 00:00:00
|w 2026-02-21
|
| 952 |
|
|
|a SNK
|b SNK
|y PREZ
|7 0
|p 17A0328778
|o snkČSD 2243/2002 D1
|i snkKSP 894/2002
|0 0
|1 0
|4 0
|d 2002-01-22
|l 0
|r 2005-01-02 00:00:00
|w 2026-02-21
|
| 952 |
|
|
|a SNK
|b SNK
|y PREZ
|7 0
|p 17A0495152
|o snkČSD 2243/2003
|i snkKSP 1610/2003
|0 0
|1 0
|4 0
|d 2003-02-06
|l 0
|r 2005-01-02 00:00:00
|w 2026-02-21
|
| 952 |
|
|
|a SNK
|b SNK
|y PREZ
|7 0
|p 17A0372816
|o snkČSD 2243/2003 D1
|i snkKSP 1611/2003
|0 0
|1 0
|4 0
|d 2003-02-06
|l 0
|r 2005-01-02 00:00:00
|w 2026-02-21
|